• 首页
  • 本馆介绍
  • 公告通知
  • 最新文献
  • 馆藏检索
  • 电子资源
  • 读者导购
  • 参考咨询
  • 我的图书馆
  • 登录
  • 详细信息显示
  • 放入我的书架
  • 预约/预借图书
  • 作者相关作品
  • 分类相关作品
  • 丛书相关作品
  • 出版社相关作品

书目信息

  • 表格格式
  • 工作单格式
  • 卡片格式
题名:
帝国夕阳
    
 
作者: 高英彤 著
分册:  
出版信息: 长春   吉林人民出版社  1998.05
页数: 319页
开本: 21cm
丛书名: 当代资本主义研究丛书
单 册:
中图分类: D509
科图分类:
主题词: 资本主义国家--政治
电子资源:
ISBN: 7-206-02937-X
000 00724nam2 2200229 45
001 9910190878
005 20050328160230.6
010    @a7-206-02937-X@dCNY16.00
100    @a19991019d1998 km y0chiy0120 ea
101 0  @achi
105    @a z 000yy
200 1  @a帝国夕阳@ADi Guo Xi Yang@e日渐衰微的不列颠@ERi Jian Shuai Wei De Bu Lie Dian@f高英彤著@FGao Ying Tong Zhu
210    @a长春@c吉林人民出版社@d1998.05
215    @a319页@d21cm
225    @a当代资本主义研究丛书
410    @12001 @a当代资本主义研究丛书
517    @a日渐衰微的不列颠@ARi Jian Shuai Wei De Bu Lie Dian
606 0  @a资本主义国家@x政治
690    @aD509@v1
701  0 @a高英彤@4著
801    @aCN@bTSTC@c19991104
905    @dD509@e79:1@f1@b284387
    
    帝国夕阳:日渐衰微的不列颠/高英彤著.-长春:吉林人民出版社,1998.05
    319页;21cm.-(当代资本主义研究丛书)
    
    
    ISBN 7-206-02937-X:CNY16.00
    
●
相关链接 在E读中查询图书 在五车中查询图书 在当当中查询图书 在豆瓣中查询图书


正题名:帝国夕阳     索取号:D509/79:1         预约/预借

序号 登录号 条形码 馆藏地/架位号 状态 备注
1 0284387   002843873   第一借阅区/ [索取号:D509/79:1] 在馆    
2 0284388   002843882   第一借阅区/ [索取号:D509/79:1] 在馆    
3 0284389   002843891   第一样本阅览室/ [索取号:D509/79:1] 在馆    
唐山师范学院图书馆 欢迎您!
大连网信软件有限公司© 版权所有